• 首页
  • 本馆介绍
  • 公告通知
  • 最新文献
  • 馆藏检索
  • 电子资源
  • 读者导购
  • 参考咨询
  • 我的图书馆
  • 登录
  • 详细信息显示
  • 放入我的书架
  • 预约/预借图书
  • 作者相关作品
  • 分类相关作品
  • 丛书相关作品
  • 出版社相关作品

书目信息

  • 表格格式
  • 工作单格式
  • 卡片格式
题名:
当代美国文学
    
 
作者: 哈桑 , Hassan 著 ;陆凡 译
分册: 上  
出版信息: 济南   山东人民出版社  1980
页数: 142页
开本: 19cm
丛书名:
单 册:
中图分类: I712.065
科图分类:
主题词: 文学研究--美国--现代
电子资源:
ISBN: 10099.1357
000 00830nam0 2200277 450
001 0180006629
005 20100712215827.0
010    @a10099.1357@dCNY0.31
091    @a10099.1357
100    @a19960215d1980 em y0chiy0110 ea
101 1  @achi@ceng
102    @aCN@b370000
105    @ay z 000zy
106    @ar
200 1  @a当代美国文学@9Dang Dai Mei Guo Wen Xue @e1945-1972@f(美)哈桑(I.Hassan)著@g陆凡译@h上
210    @a济南@c山东人民出版社@d1980
215    @a142页@d19cm
300    @a书名原文:Contemporary American literature
510 1  @aContemporary American literature@zeng
606 0  @a文学研究@y美国@z现代
690    @aI712.065@v3
701  1 @a哈桑@9ha sang@bI.@4著
701  1 @aHassan@bI.@4著
702  0 @a陆凡@9lu fan@4译
801  0 @aCN@bAzMarc@c20130904
905    @aBZT@dI712.065@e3@f2@sI712.065/3
    
    当代美国文学:1945-1972/(美)哈桑(I.Hassan)著/陆凡译.上.-济南:山东人民出版社,1980
    142页;19cm
    书名原文:Contemporary American literature
    
    ISBN 10099.1357:CNY0.31
    
●
相关链接 在五车中查询图书 在当当中查询图书 在豆瓣中查询图书


正题名:当代美国文学     索取号:I712.065/3         预约/预借

序号 登录号 条形码 馆藏地/架位号 状态 备注
1 2000033715   2000033715   旧书回溯/ [索取号:I712.065/3] 在馆    
2 2000143890   2000143890   旧书回溯/ [索取号:I712.065/3] 在馆    
山东省滨州职业学院图书馆 欢迎您!
大连网信软件有限公司© 版权所有